Biblioteca y Centro de Documentación

Presupuestos Generales del Estado para el año 2014 (Registro nro. 44838)

Detalles MARC
000 -CABECERA
Longitud fija campo de control 01679nam a2200409 c 4500
001 - NÚMERO DE CONTROL
Número de control 44838
003 - IDENTIFICADOR DE NÚMERO DE CONTROL
Identificador del número de control ES-MaCES
005 - FECHA Y HORA DE LA ÚLTIMA TRANSACCIÓN
Fecha y hora de la última transacción 20210519114206.0
008 - CAMPO FIJO DE DESCRIPCIÓN FIJA--INFORMACIÓN GENERAL
Códigos de información de longitud fija   140701s2014 sp l o000 | spa d
017 ## - NÚMERO DE REGISTRO DE DERECHOS DE AUTOR Y DEPÓSITO LEGAL
Número de copyright o de depósito legal M 3082-2002
Agencia que asigna el número DL
024 7# - OTROS IDENTIFICADORES
Número normalizado o código 720-14-013-5
Fuente del número o código nipo
024 7# - OTROS IDENTIFICADORES
Número normalizado o código 630-14-031-1
Fuente del número o código nipo
040 ## - FUENTE DE CATALOGACIÓN
Centro catalogador de origen ES-MaCES
Lengua de catalogación spa
Centro transcriptor ES-MaCES
110 1# - ENCABEZAMIENTO PRINCIPAL--NOMBRE CORPORATIVO
9 (RLIN) 35035
Título de la obra Ley de presupuestos generales del Estado para 2014
Nombre de entidad corporativa o nombre de jurisdicción como elemento inicial España
Fecha del congreso o de la firma de un tratado 2013
245 10 - MENCIÓN DE TÍTULO
Título Presupuestos Generales del Estado para el año 2014
260 ## - PUBLICACIÓN, DISTRIBUCIÓN, ETC (PIE DE IMPRENTA)
Lugar de publicación, distribución, etc. [Madrid]
Nombre del editor, distribuidor, etc. Ministerio de Hacienda y Administraciones Públicas
260 ## - PUBLICACIÓN, DISTRIBUCIÓN, ETC (PIE DE IMPRENTA)
Nombre del editor, distribuidor, etc. Ministerio de Economía y Competitividad
Fecha de publicación, distribución, etc. [2014]
300 ## - DESCRIPCIÓN FÍSICA
Extensión 2 v. (318, 207) p.
Dimensiones 24 cm
490 1# - MENCIÓN DE SERIE
Mención de serie Suplemento / Boletín Oficial de los Ministerios de Hacienda y Administraciones Públicas y de Economía y Competitividad
Designación de volumen o secuencia 1-2014
500 ## - NOTA GENERAL
Nota general Índices
500 ## - NOTA GENERAL
Nota general Anteriormente, v.a.: Suplemento / Boletín Oficial del Ministerio de Economía y Hacienda
541 ## - NOTA DE LA FUENTE INMEDIANTE DE ADQUISICIÓN
Forma de adquisición Gratuito
650 #4 - ASIENTO SECUNDARIO DE MATERIA--TÉRMINO DE MATERIA
Término de materia o nombre geográfico como elemento inicial presupuesto nacional
9 (RLIN) 28073
650 #4 - ASIENTO SECUNDARIO DE MATERIA--TÉRMINO DE MATERIA
Término de materia o nombre geográfico como elemento inicial 2014
9 (RLIN) 34918
650 #4 - ASIENTO SECUNDARIO DE MATERIA--TÉRMINO DE MATERIA
Término de materia o nombre geográfico como elemento inicial elaboración del presupuesto
9 (RLIN) 28277
650 #4 - ASIENTO SECUNDARIO DE MATERIA--TÉRMINO DE MATERIA
Término de materia o nombre geográfico como elemento inicial asignación de recursos
9 (RLIN) 27024
650 #4 - ASIENTO SECUNDARIO DE MATERIA--TÉRMINO DE MATERIA
Término de materia o nombre geográfico como elemento inicial España
9 (RLIN) 26964
650 #4 - ASIENTO SECUNDARIO DE MATERIA--TÉRMINO DE MATERIA
Término de materia o nombre geográfico como elemento inicial legislación económica
9 (RLIN) 27161
650 #4 - ASIENTO SECUNDARIO DE MATERIA--TÉRMINO DE MATERIA
Término de materia o nombre geográfico como elemento inicial 2013
9 (RLIN) 31985
650 #4 - ASIENTO SECUNDARIO DE MATERIA--TÉRMINO DE MATERIA
Término de materia o nombre geográfico como elemento inicial texto
9 (RLIN) 29624
653 10 - TÉRMINO DE INDEXACIÓN--NO CONTROLADO
Término no controlado Legislación
710 1# - ENCABEZAMIENTO SECUNDARIO--NOMBRE CORPORATIVO
Nombre de entidad o nombre de jurisdicción como elemento inicial España
Unidad subordinada Ministerio de Economía y Competitividad
Término indicativo de función ed.
9 (RLIN) 3236
710 1# - ENCABEZAMIENTO SECUNDARIO--NOMBRE CORPORATIVO
9 (RLIN) 3246
Nombre de entidad o nombre de jurisdicción como elemento inicial España
Unidad subordinada Ministerio de Hacienda y Administraciones Públicas
Término indicativo de función ed.
830 #0 - ENCABEZAMIENTO SECUNDARIO DE COLECCIÓN--TÍTULO UNIFORME
Título uniforme Suplemento / Boletín Oficial de los Ministerios de Hacienda y Administraciones Públicas y de Economía y Competitividad
Designación de volumen o secuencia 1-2014
9 (RLIN) 35034
902 ## - CES. TIPO DE DOCUMENTO
Tipodoc (006$c Sirtex) LIB Libro
942 ## - ELEMENTOS KOHA
Fuente de clasificaión o esquema Clasificación propia del CES
Koha [por defecto] tipo de item Monografías
Parte de clasificación Legislación
Existencias
Número de registro Signatura completa Tipo de item de Koha
084596 DPT- 13750 Monografías
084597 DPT- 13751 Monografías
© CES, Consejo Económico y Social de España 2021